[Event "POL-chT 2nd League"]
[Site "Jastrzebia Gora"]
[Date "2023.09.03"]
[Round "2.39"]
[White "Kindler, Przemyslaw"]
[Black "Brylowski, Marian"]
[Result "1-0"]
[WhiteElo "1984"]
[BlackElo "1927"]
[PlyCount "55"]
[EventDate "2023.09.02"]
[EventType "team-swiss"]
[EventRounds "9"]
[EventCountry "POL"]
[SourceTitle "EXT 2024"]
[Source "ChessBase"]
[SourceDate "2023.10.10"]
[SourceVersion "1"]
[SourceVersionDate "2023.10.10"]
[SourceQuality "1"]
[WhiteTeam "Gdansk Korona"]
[BlackTeam "Lipusz WDA"]
[WhiteTeamCountry "POL"]
[BlackTeamCountry "POL"]

1. e4 e5 2. Nf3 Nc6 3. Bc4 Bc5 4. c3 d6 5. 0-0 Nf6 6. d3 h6 7. a4 a6 8. b4 Bb6 9. Be3 Bxe3 10. fxe3 0-0 11. Qe1 d5 12. exd5 Nxd5 13. Nbd2 Nxc3 14. b5 Na5 15. bxa6 Nc6 16. e4 Qd6 17. Kh1 bxa6 18. Rc1 Nxa4 19. Bd5 Bd7 20. Nc4 Qe7 21. Ne3 Nb4 22. Bxa8 Rxa8 23. Rxc7 Nxd3 24. Qg3 Qd6 25. Nd5 Be6 26. Nd4 Nf4 27. Nxe6 Qxe6 28. Rc6 1-0